| 000 | 00710cam a22002172 4500 | ||
|---|---|---|---|
| 001 | 0000001648 | ||
| 005 | 20151217151823.0 | ||
| 008 | 070320s xx 000 0 eng d | ||
| 020 | _a0072883642 : | ||
| 040 |
_aKABU _cKABU |
||
| 050 | 0 |
_aHD30.28 _b.A38 |
|
| 100 | 1 |
_aAfuah, Allan. _@0000150573 |
|
| 245 | 1 | 0 |
_aBusiness models : _ba strategic management approach / _cAllan Afuah. |
| 260 |
_aBoston : _bIrwin/McGraw-Hill, _cc2004. |
||
| 300 |
_axiv, 415 p. : _bill. ; _c26 cm. |
||
| 650 | 0 |
_aStrategic planning _xMathematical models. _@0000150574 |
|
| 650 | 0 |
_aIndustrial management _xmathematical models. _@0000150565 |
|
| 908 | _a070320 | ||
| 950 | _@1 | ||
| 999 |
_c5362 _d5362 |
||